LEADER 00715nas 2200265 450 001 000000683 005 20090220112903.0 011 $a0012-9682 100 $a20000214a1933----km-y0itay50------ba 101 0 $aeng 102 $aUS 110 $aahaz---0uu- 200 1 $aEconometrica$fEconometric Society 210 $aNew Haven$cEconometric Society$d1933- 215 $afascicoli 326 $aTrimestrale 452 0$1001000023330 610 1 $aEconometria 712 02$aEconometric Society 801 0$aIT$bUNIPARTHENOPE$gRICA$2UNIMARC 912 $a000000683 958 $a1950-1951; 1991-2008$cNAVA1 958 $a1961-1996; 1998-2004; 2006-2008$cNAVA2 996 $aEconometrica$9104913 997 $aUNIPARTHENOPE